00880nam a22002657a 45000010005000000030006000050050017000110080041000280200015000690400029000840500015001130820010001281000017001382450081001552500046002362600038002823000059003205050008003795200090003875210024004775210020005016500033005216500035005547000025005897649FISKH20250729150259.0250729b cb ||||| |||| 00| 0 eng d a0590450131 aFISKHbengcFISKHdFISKH aQC981 .R64 a551.6 aRogers, Paul aWhat will the weather be like today ? /cBy Paul Rogers : Pictures by Kazuko aFirst Scholastic printing, September 1991 aNew York : bScholastic , c1989. a32 unnumbered pages : bcolor illustrations ;c25 cm . aJ  aAnimals and humans discuss, in rhyming verse, the possibilities of the day's weather.8 a470 bLexile AD 8 aJ bRaz-Plus  aWeather/seasonsvNon-fiction aDifferent animalsvNon-fiction aKazukoeIllustrator